• 首页
  • 本馆介绍
  • 公告通知
  • 最新文献
  • 馆藏检索
  • 电子资源
  • 读者导购
  • 参考咨询
  • 我的图书馆
  • 登录
  • 详细信息显示
  • 放入我的书架
  • 预约/预借图书
  • 作者相关作品
  • 分类相关作品
  • 丛书相关作品
  • 出版社相关作品

书目信息

  • 表格格式
  • 工作单格式
  • 卡片格式
题名:
典型含铅废物风险控制技术
    
 
作者: 陈扬 , 张正洁 , 刘俐媛 主编
分册:  
出版信息: 北京   化学工业出版社  2017.01
页数: 242页
开本: 24cm
丛书名: 环保公益性行业科研专项经费项目系列丛书
单 册:
中图分类: X756.05
科图分类:
主题词: 铅--废物处理
电子资源:
ISBN: 978-7-122-28616-1
000 01230oam2 2200265 450
001 4340
005 20181011102441.06
010    @a978-7-122-28616-1@dCNY88.00
100    @a20170328d2017 em y0chiy50 ea
101 0  @achi
102    @aCN@b110000
105    @ay z 000yy
200 1  @a典型含铅废物风险控制技术@9dian xing han qian fei wu feng xian kong zhi ji shu@f陈扬,张正洁,刘俐媛主编
210    @a北京@c化学工业出版社@d2017.01
215    @a242页@d24cm
225 1  @a环保公益性行业科研专项经费项目系列丛书
330    @a根据我国铅矿采选、原生铅冶炼、铅蓄电池生产、再生铅生产等四个典型铅生产过程中的含铅废物特点及污染控制实际需求出发,在对国内外相关领域的管理和技术进行广泛调研和评估的基础上,本书系统分析了典型铅生产过程污染防治的关键影响因素及污染特征,开发了风险识别技术,探索了典型铅生产过程含铅废物风险控制技术,构建了典型铅生产过程含铅废物污染综合防治技术体系,为消除特定领域重金属污染问题提供技术条件和管理依据。
461  0 @12001 @a环保公益性行业科研专项经费项目系列丛书
606 0  @a铅@x废物处理
690    @aX756.05@v5
701  0 @a陈扬@9chen yang@4主编
701  0 @a张正洁@9zhang zheng jie@4主编
701  0 @a刘俐媛@9liu li yuan@4主编
801  0 @aCN@b91MARC@c20170328
905    @aMuseLib@dX756.05@e275
    
    典型含铅废物风险控制技术/陈扬,张正洁,刘俐媛主编.-北京:化学工业出版社,2017.01
    242页;24cm.-(环保公益性行业科研专项经费项目系列丛书)
    
    
    ISBN 978-7-122-28616-1:CNY88.00
    根据我国铅矿采选、原生铅冶炼、铅蓄电池生产、再生铅生产等四个典型铅生产过程中的含铅废物特点及污染控制实际需求出发,在对国内外相关领域的管理和技术进行广泛调研和评估的基础上,本书系统分析了典型铅生产过程污染防治的关键影响因素及污染特征,开发了风险识别技术,探索了典型铅生产过程含铅废物风险控制技术,构建了典型铅生产过程含铅废物污染综合防治技术体系,为消除特定领域重金属污染问题提供技术条件和管理依据。
●
相关链接 在E读中查询图书 在五车中查询图书 在当当中查询图书 在豆瓣中查询图书


正题名:典型含铅废物风险控制技术     索取号:X756.05/275         预约/预借

序号 登录号 条形码 馆藏地/架位号 状态 备注
1 1124691   211246917   第二样本阅览室/ [索取号:X756.05/275] 在馆    
2 1124692   211246926   第三借阅区/ [索取号:X756.05/275] 在馆    
3 1124693   211246935   第三借阅区/ [索取号:X756.05/275] 在馆    
4 1124694   211246944   第三借阅区/ [索取号:X756.05/275] 在馆    
5 1124695   211246953   化学系资料室/ [索取号:X756.05/275] 在馆    
唐山师范学院图书馆 欢迎您!
大连网信软件有限公司© 版权所有